European Football Logos - Random - Statistics

General Stats
  • This quiz has been taken 341 times
  • The average score is 15 of 20
Answer Stats
Picture Answer % Correct
AC Milan
100%
Ajax Amsterdam
100%
Arsenal
100%
Blackburn Rovers
100%
Celtic FC
100%
Everton
100%
Juventus
100%
Liverpool
100%
Olympique Lyon
100%
Paris Saint-Germain
100%
PSV Eindhoven
100%
RB Leipzig
100%
Real Betis
100%
Real Madrid
100%
Real Sociedad
100%
RSC Anderlecht
100%
Stade Rennais
100%
VfL Wolfsburg
100%
Wolverhampton
100%
Lille OSC
95%
Newcastle United
95%
AS Roma
94%
Chelsea
94%
Eintracht Frankfurt
94%
SSC Napoli
94%
Atletico Madrid
93%
Bologna FC
93%
Borussia M'gladbach
93%
BSC Young Boys
93%
Club Brugge
93%
FC Barcelona
93%
Fenerbahçe
93%
Hamburger SV
93%
Lokomotiv Moscow
93%
Sporting CP
93%
Swansea City
93%
Watford
93%
Celta Vigo
92%
Derby County
92%
FC Red Bull Salzburg
92%
Internazionale Milano
92%
Nottingham Forest
92%
Aston Villa
91%
Brentford FC
91%
West Ham United
91%
Borussia Dortmund
90%
FC Torino
90%
FK Crvena zvezda
90%
OGC Nice
90%
Werder Bremen
90%
1. FC Köln
89%
FC Dynamo Kyiv
89%
Feyenoord Rotterdam
89%
Fulham
89%
Heart of Midlothian FC
89%
Sevilla FC
89%
VfB Stuttgart
89%
Villarreal CF
89%
AC Monza
88%
FC Viktoria Plzeň
88%
Getafe C.F.
88%
GNK Dinamo Zagreb
88%
Hertha BSC
88%
Norwich City
88%
PAOK FC
88%
Rayo Vallecano
88%
Sheffield United
88%
Levante U.D.
87%
Valencia C.F.
87%
Bayern München
86%
Genoa CFC
86%
Olympique Marseille
86%
Schalke 04
86%
Sunderland AFC
86%
AFC Bournemouth
85%
FSV Mainz
85%
Leicester City
85%
Parma Calcio
85%
Royal Antwerp FC
85%
Stade Reims
85%
Tottenham Hotspur
85%
TSG Hoffenheim
85%
Atalanta B.C.
84%
Burnley
84%
Rangers FC
84%
CA Osasuna
83%
Girona FC
83%
Manchester United
83%
Racing Club de Lens
83%
Zenit Saint Petersburg
83%
ACF Fiorentina
82%
Bayer Leverkusen
82%
Malmö FF
82%
Montpellier HSC
82%
FC Basel
81%
Leeds United
81%
RCD Espanyol
81%
Brighton & Hove Albion
80%
Cardiff City
80%
KRC Genk
80%
Plymouth Argyle
80%
RC Strasbourg
80%
SK Slavia Praha
80%
SL Benfica
80%
S.S. Lazio
80%
AIK
79%
Athletic Club
79%
Crystal Palace
79%
Deportivo Alavés
79%
Empoli FC
79%
FC St. Pauli
79%
Luton Town
79%
Paris FC
79%
Preston North End
79%
Shakhtar Donetsk
79%
Stade Brestois 29
79%
Bristol City
78%
FC Porto
78%
Galatasaray
78%
Portsmouth FC
78%
Southampton
78%
Union Berlin
78%
VfL Bochum
78%
AS Monaco
77%
Oxford United
77%
RCD Mallorca
77%
SK Sturm Graz
77%
Como 1907
76%
Stoke City
76%
1. FC Kaiserslautern
75%
Beşiktaş JK
75%
FC Augsburg
75%
FC Twente
75%
FK Bodø/Glimt
75%
Hannover 96
75%
Hellas Verona
75%
Hull City
75%
KAA Gent
75%
Manchester City
75%
SC Freiburg
75%
Toulouse FC
75%
Servette FC
74%
1. FC Heidenheim
73%
Olympiacos Piraeus
73%
Udinese Calcio
73%
West Bromwich Albion
72%
Brøndby IF
71%
Cagliari
71%
Holstein Kiel
71%
Ipswich Town
71%
Malaga CF
71%
ŠK Slovan Bratislava
71%
Venezia FC
70%
FC Zürich
69%
Fortuna Düsseldorf
69%
Molde FK
69%
SV Darmstadt 98
69%
U.C. Sampdoria
69%
UD Las Palmas
69%
FC Nantes
68%
Trabzonspor
68%
AEK Athens
67%
AS Saint-Étienne
67%
Granada CF
67%
Millwall FC
67%
Queen Park Rangers
67%
U.S. Sassuolo
67%
FC Kopenhagen
65%
Hibernian FC
65%
Dundee United FC
64%
Linzer ASK
64%
Vitória S.C.
64%
Angers SCO
63%
Middlesbrough FC
63%
FC Sheriff Tiraspol
61%
CSKA Moscow
60%
HNK Hajduk Split
60%
Spartak Moscow
60%
FK Austria Wien
59%
FK Partizan Belgrade
59%
IF Elfsborg
59%
Legia Warszawa
59%
AZ Alkmaar
58%
Aberdeen FC
57%
FCSB
57%
Palermo FC
56%
Sheffield Wednesday
56%
Coventry City
55%
Frosinone Calcio
55%
SC Braga
55%
FC Lorient
54%
FC Metz
54%
SC Paderborn 07
54%
C.D. Leganés
53%
1. FC Nürnberg
50%
Brescia Calcio
50%
Dynamo Dresden
50%
FC Utrecht
50%
SK Rapid
50%
Sparta Rotterdam
50%
TSV 1860 München
50%
Panathinaikos FC
47%
U.S. Lecce
47%
Lech Poznan
46%
Djurgårdens IF
45%
AJ Auxerre
44%
Havre Athletic Club
44%
Ferencvarosi TC
43%
FC Groningen
38%
Karlsruher SC
38%
AC Sparta Praha
36%
Càdiz CF
36%
GC Zürich
33%
Rosenborg BK
33%
FC CFR 1907 Cluj
29%
FC Midtjylland
29%
Real Valladolid C.F.
29%
Hansa Rostock
20%
No matching quizzes found
Score Distribution
Percent of People with Each Score
Percentile by Number Answered
Your Score History
You have not taken this quiz